| 000 | 02563cam a2200361 i 4500 | ||
|---|---|---|---|
| 999 |
_c8301 _d8301 |
||
| 001 | 18329368 | ||
| 003 | GZU | ||
| 005 | 20210519101222.0 | ||
| 008 | 141008s2015 caua b s001 0 eng c | ||
| 010 | _a 2014039744 | ||
| 020 | _a9780520284357 (pbk. : alk. paper) | ||
| 040 |
_aCU-S/DLC _beng _cCU-S _erda _dDLC |
||
| 042 | _apcc | ||
| 043 | _an-us--- | ||
| 050 | 0 | 0 |
_aPN1993.5.U6 _bBEA 2015 |
| 082 | 0 | 0 |
_a791.4302/3 _223 |
| 100 | 1 |
_aBeach, Christopher, _d1959- _eauthor. |
|
| 245 | 1 | 2 |
_aA hidden history of film style : _bcinematographers, directors, and the collaborative process / _cChristopher Beach. |
| 264 | 1 |
_aOakland, California : _bUniversity of California Press, _c[2015] |
|
| 300 |
_axi, 234 pages : _billustrations ; _c24 cm |
||
| 336 |
_atext _2rdacontent |
||
| 337 |
_aunmediated _2rdamedia |
||
| 338 |
_avolume _2rdacarrier |
||
| 504 | _aIncludes bibliographical references (pages 213-223) and index. | ||
| 520 | _a"The image that appears on the movie screen is the direct and tangible result of the joint efforts of the director and the cinematographer. A Hidden History of Film Style is the first study to focus on the collaborations between directors and cinematographers, a partnership that has played a crucial role in American cinema since the early years of the silent era. Christopher Beach argues that an understanding of the complex director-cinematographer collaboration offers an important model that challenges the pervasive conventional concept of director as auteur. Drawing upon oral histories, early industry trade journals, and other primary materials, Beach examines key innovations like deep focus, color, and digital cinematography, and in doing so produces an exceptionally clear history of the craft. Through analysis of several key collaborations in American cinema from the silent era to the late twentieth century--such as those of D. W. Griffith and Billy Bitzer, William Wyler and Gregg Toland, and Alfred Hitchcock and Robert Burks--this pivotal book underlines the importance of cinematographers to both the development of cinematic technique and the expression of visual style in film"--Provided by publisher. | ||
| 650 | 0 |
_aMotion picture producers and directors _zUnited States. |
|
| 650 | 0 |
_aCinematographers _zUnited States. |
|
| 650 | 0 |
_aMotion pictures _xProduction and direction _zUnited States. |
|
| 650 | 0 |
_aCinematography _xSpecial effects. |
|
| 906 |
_a7 _bcbc _corignew _d1 _eecip _f20 _gy-gencatlg |
||
| 942 |
_2olc _cBK _h1993.5.U6 _iBEA _kPN |
||